Daň z príjmov nezdaniteľné časti základu dane v roku 2018

Problematika nezdaniteľných častí základu dane na daňovníka, ktoré si bude môcť daňovník uplatniť pri ročnom zúčtovaní dane zo závislej činnosti za rok 2018. Ilustračné príklady.

Guardado en:
Detalles Bibliográficos
Autor principal: Paliderová, Martina
Formato: Capítulo de libro
Lenguaje:eslovaco
Materias:
Etiquetas: Agregar Etiqueta
Sin Etiquetas, Sea el primero en etiquetar este registro!

MARC

LEADER 00000naa a2200000 4500
001 0245499
005 20221104110956.5
041 0 |a slo 
044 |a SK 
245 1 0 |a Daň z príjmov  |b nezdaniteľné časti základu dane v roku 2018  |c Martina Paliderová 
520 |a Problematika nezdaniteľných častí základu dane na daňovníka, ktoré si bude môcť daňovník uplatniť pri ročnom zúčtovaní dane zo závislej činnosti za rok 2018. Ilustračné príklady. 
610 2 0 |a dane z príjmov 
610 2 0 |a priznania daňové 
610 2 0 |a základ dane 
610 2 0 |a základ vymeriavací 
610 2 0 |a zúčtovanie 
610 2 0 |a daňovníci 
100 1 |a Paliderová, Martina